<?xml version="1.0" encoding="UTF-8"?><?xml-stylesheet type="text/xsl" href="static/style.xsl"?><OAI-PMH xmlns="http://www.openarchives.org/OAI/2.0/" xmlns:xsi="http://www.w3.org/2001/XMLSchema-instance" xsi:schemaLocation="http://www.openarchives.org/OAI/2.0/ http://www.openarchives.org/OAI/2.0/OAI-PMH.xsd"><responseDate>2026-04-18T11:54:26Z</responseDate><request verb="GetRecord" identifier="oai:riubu.ubu.es:10259/8789" metadataPrefix="marc">https://riubu.ubu.es/oai/request</request><GetRecord><record><header><identifier>oai:riubu.ubu.es:10259/8789</identifier><datestamp>2024-03-12T01:05:22Z</datestamp><setSpec>com_10259_6688</setSpec><setSpec>com_10259_5086</setSpec><setSpec>com_10259_2604</setSpec><setSpec>com_10259_4141</setSpec><setSpec>com_10259_4219</setSpec><setSpec>col_10259_6689</setSpec><setSpec>col_10259_4142</setSpec><setSpec>col_10259_4220</setSpec></header><metadata><record xmlns="http://www.loc.gov/MARC21/slim" xmlns:doc="http://www.lyncode.com/xoai" xmlns:xsi="http://www.w3.org/2001/XMLSchema-instance" xmlns:dcterms="http://purl.org/dc/terms/" xsi:schemaLocation="http://www.loc.gov/MARC21/slim http://www.loc.gov/standards/marcxml/schema/MARC21slim.xsd">
<leader>00925njm 22002777a 4500</leader>
<datafield tag="042" ind1=" " ind2=" ">
<subfield code="a">dc</subfield>
</datafield>
<datafield tag="720" ind1=" " ind2=" ">
<subfield code="a">Soto Cámara, Raúl</subfield>
<subfield code="e">author</subfield>
</datafield>
<datafield tag="720" ind1=" " ind2=" ">
<subfield code="a">González Santos, Josefa</subfield>
<subfield code="e">author</subfield>
</datafield>
<datafield tag="720" ind1=" " ind2=" ">
<subfield code="a">González Bernal, Jerónimo</subfield>
<subfield code="e">author</subfield>
</datafield>
<datafield tag="720" ind1=" " ind2=" ">
<subfield code="a">Martín Santidrián, Asunción</subfield>
<subfield code="e">author</subfield>
</datafield>
<datafield tag="720" ind1=" " ind2=" ">
<subfield code="a">Cubo Delgado, Esther</subfield>
<subfield code="e">author</subfield>
</datafield>
<datafield tag="720" ind1=" " ind2=" ">
<subfield code="a">Trejo Gabriel y Galán, José Mª</subfield>
<subfield code="e">author</subfield>
</datafield>
<datafield tag="260" ind1=" " ind2=" ">
<subfield code="c">2019-10</subfield>
</datafield>
<datafield tag="520" ind1=" " ind2=" ">
<subfield code="a">Background: Despite recent advances in acute stroke care, only 1–8% of patients can receive&#xd;
reperfusion therapies, mainly because of prehospital delay (PHD). Objective: This study aimed&#xd;
to identify factors associated with PHD from the onset of acute stroke symptoms until arrival at&#xd;
the hospital. Methods: A cross-sectional study was conducted including all patients consecutively&#xd;
admitted with stroke symptoms to Burgos University Hospital (Burgos, Spain). Socio-demographic,&#xd;
clinical, behavioral, cognitive, and contextualized characteristics were recorded, and their possible&#xd;
associations with PHD were studied using univariate and multivariable regression analyses. Results:&#xd;
The median PHD of 322 patients was 138.50 min. The following factors decreased the PHD and&#xd;
time until reperfusion treatment where applicable: asking for help immediately after the onset of&#xd;
symptoms (OR 10.36; 95% confidence interval (CI) 4.47–23.99), onset of stroke during the daytime&#xd;
(OR 7.73; 95% CI 3.09–19.34) and the weekend (OR 2.64; 95% CI 1.19–5.85), occurrence of stroke outside&#xd;
the home (OR 7.09; 95% CI 1.97–25.55), using a prenotification system (OR 6.46; 95% CI 1.71–8.39),&#xd;
patient’s perception of being unable to control symptoms without assistance (OR 5.14; 95% CI&#xd;
2.60–10.16), previous knowledge of stroke as a medical emergency (OR 3.20; 95% CI 1.38–7.40), call to&#xd;
emergency medical services as the first medical contact (OR 2.77; 95% CI 1.32–5.88), speech/language&#xd;
difficulties experienced by the patient (OR 2.21; 95% CI 1.16–4.36), and the identification of stroke&#xd;
symptoms by the patient (OR 1.98; 95% CI 1.03–3.82). Conclusions: The interval between the onset&#xd;
of symptoms and arrival at the hospital depends on certain contextual, cognitive, and behavioral&#xd;
factors, all of which should be considered when planning future public awareness campaigns.</subfield>
</datafield>
<datafield tag="024" ind2=" " ind1="8">
<subfield code="a">http://hdl.handle.net/10259/8789</subfield>
</datafield>
<datafield tag="024" ind2=" " ind1="8">
<subfield code="a">10.3390/jcm8101712</subfield>
</datafield>
<datafield tag="024" ind2=" " ind1="8">
<subfield code="a">2077-0383</subfield>
</datafield>
<datafield ind1=" " ind2=" " tag="653">
<subfield code="a">Ischemic stroke</subfield>
</datafield>
<datafield ind1=" " ind2=" " tag="653">
<subfield code="a">Prehospital delay</subfield>
</datafield>
<datafield ind1=" " ind2=" " tag="653">
<subfield code="a">Time factors</subfield>
</datafield>
<datafield ind1=" " ind2=" " tag="653">
<subfield code="a">Admission delay</subfield>
</datafield>
<datafield ind1=" " ind2=" " tag="653">
<subfield code="a">Early arrival</subfield>
</datafield>
<datafield tag="245" ind1="0" ind2="0">
<subfield code="a">Factors Associated with Shortening of Prehospital Delay among Patients with Acute Ischemic Stroke</subfield>
</datafield>
</record></metadata></record></GetRecord></OAI-PMH>